[Event "38th Nezhmetdinov Mem"]
[Site "Kazan RUS"]
[Date "2016.06.05"]
[Round "6.39"]
[White "Shkuro, Alexandr"]
[Black "Glukhov, Alexander"]
[Result "1/2-1/2"]
[WhiteElo "1992"]
[BlackElo "2286"]
[WhiteFideId "4174160"]
[BlackFideId "4178882"]
[EventDate "2016.05.31"]

1. d4 Nf6 2. Nf3 c5 3. d5 g6 4. c4 Bg7 5. Nc3 O-O 6. e4 d6 7. Be2 e6 8. O-O exd5
9. exd5 Bg4 10. h3 Bxf3 11. Bxf3 Nbd7 12. Bf4 Qb6 13. Qb3 Rad8 14. Rfe1 Rfe8 15.
Rxe8+ Nxe8 16. Rc1 Qxb3 17. axb3 Ne5 18. Be2 Nc7 19. Bg3 f5 20. f4 Nd7 21. Bd3
Nf6 22. Re1 Kf8 23. Bh4 Re8 24. Rxe8+ Kxe8 25. Kf2 b5 26. Bxf6 Bxf6 27. Nxb5
Nxb5 28. cxb5 Bxb2 29. g4 fxg4 30. hxg4 Ke7 31. g5 Kf7 32. Kf3 Bc1 33. Bc2 Bd2
34. Bd3 Bc1 35. Bc2 Bd2 1/2-1/2

[Event "38th Nezhmetdinov Mem"]
[Site "Kazan RUS"]
[Date "2016.06.05"]
[Round "6.40"]
[White "Matskevich, Ivan"]
[Black "Alekseeva, Irina"]
[Result "0-1"]
[WhiteElo "1976"]
[BlackElo "2177"]
[WhiteFideId "34191930"]
[BlackFideId "24178683"]
[EventDate "2016.05.31"]

1. e4 c5 2. Nc3 Nc6 3. g3 g6 4. Bg2 Bg7 5. d3 e6 6. Be3 d6 7. Qd2 Nge7 8. Bh6
Bxh6 9. Qxh6 Nd4 10. O-O-O b5 11. Nce2 e5 12. Qg7 Rg8 13. Qxh7 Be6 14. Nc3 Qa5
15. Kb1 c4 16. Nf3 b4 17. Nd5 Bxd5 18. Nxd4 b3 19. cxb3 cxb3 20. a3 Qb6 21. Nf3
Be6 22. d4 Rc8 23. Bh3 Bxh3 24. Qxh3 Rc2 25. Ng5 Qc6 26. g4 Rxb2+ 0-1

[Event "38th Nezhmetdinov Mem"]
[Site "Kazan RUS"]
[Date "2016.06.05"]
[Round "6.41"]
[White "Mischeryakov, Alexey"]
[Black "Smougalev, Gennady"]
[Result "1-0"]
[BlackTitle "FM"]
[WhiteElo "1976"]
[BlackElo "2161"]
[WhiteFideId "34156434"]
[BlackFideId "4122410"]
[EventDate "2016.05.31"]

1. e4 d6 2. d4 Nf6 3. Nc3 g6 4. f3 Bg7 5. Be3 c6 6. Qd2 e5 7. Nge2 Qc7 8. Bh6
O-O 9. h4 b5 10. a3 a6 11. g4 Nbd7 12. h5 exd4 13. Bxg7 Kxg7 14. hxg6 fxg6 15.
Qh6+ Kf7 16. Nxd4 d5 17. O-O-O Rg8 18. g5 Ne8 19. Qxh7+ Ng7 20. Qh4 Nb6 21. Qh2
Qxh2 22. Rxh2 Bb7 23. Nb3 Rad8 24. Nc5 Bc8 25. Rh7 Rge8 26. b3 d4 27. Ne2 Re5
28. b4 Rxg5 29. Nxd4 Rg3 30. Rxg7+ Kxg7 31. Nde6+ Kf6 32. Nxd8 Rxf3 33. Bd3 Na4
34. Nxc6 Nc3 35. e5+ Kf7 1-0

[Event "38th Nezhmetdinov Mem"]
[Site "Kazan RUS"]
[Date "2016.06.05"]
[Round "6.42"]
[White "Parnali, S Dharia"]
[Black "Tishova, Svetlana"]
[Result "1/2-1/2"]
[WhiteTitle "WIM"]
[WhiteElo "2160"]
[BlackElo "1946"]
[WhiteFideId "5043131"]
[BlackFideId "24173550"]
[EventDate "2016.05.31"]

1. g3 d5 2. Bg2 Nf6 3. Nf3 e6 4. d4 c5 5. O-O Nc6 6. c4 dxc4 7. Qa4 Bd7 8. Qxc4
cxd4 9. Nxd4 Rc8 10. Nc3 Nxd4 11. Qxd4 Bc5 12. Qh4 Bc6 13. Bxc6+ Rxc6 14. Bg5
Qd4 15. e4 O-O 16. Rad1 Qe5 17. Kg2 h6 18. Bxh6 gxh6 19. f4 Qh5 20. Qxf6 Bb4 21.
Rf3 Rc4 22. g4 Qg6 23. Qxg6+ fxg6 24. Rd7 Bxc3 25. Rxc3 Rxe4 26. Rcc7 Rfxf4 27.
h3 g5 28. Rd8+ Rf8 29. Rxf8+ Kxf8 30. Rxb7 a5 31. a3 Re3 32. a4 Re4 33. b3 Re3
34. Kh2 Ke8 35. Kg2 Kf8 36. Kh2 Ke8 37. Kg2 Kf8 1/2-1/2

[Event "38th Nezhmetdinov Mem"]
[Site "Kazan RUS"]
[Date "2016.06.05"]
[Round "6.43"]
[White "Murzin, Lenar"]
[Black "Tretyakov, Stepan"]
[Result "1/2-1/2"]
[WhiteTitle "IM"]
[WhiteElo "2104"]
[BlackElo "1967"]
[WhiteFideId "4116461"]
[BlackFideId "24198820"]
[EventDate "2016.05.31"]

1. d4 Nf6 2. c4 e6 3. Nf3 b6 4. g3 Ba6 5. b3 Bb4+ 6. Bd2 Be7 7. Bg2 c6 8. O-O d5
9. Qc2 O-O 10. Rd1 Nbd7 11. Bf4 Nh5 12. Bc1 Nhf6 13. Bf4 Nh5 14. Bc1 Nhf6 15.
Nc3 Rc8 16. Bf4 Nh5 17. Bc1 Nhf6 18. Bf4 Nh5 19. Bc1 Nhf6 1/2-1/2

[Event "38th Nezhmetdinov Mem"]
[Site "Kazan RUS"]
[Date "2016.06.05"]
[Round "6.44"]
[White "Mirzaeva, Gulnara"]
[Black "Mukhutdinov, Tigran"]
[Result "0-1"]
[WhiteElo "1973"]
[BlackElo "2098"]
[WhiteFideId "24178780"]
[BlackFideId "34108570"]
[EventDate "2016.05.31"]

1. e4 e5 2. Nf3 Nc6 3. Bc4 g6 4. d4 exd4 5. Nxd4 Bg7 6. Nxc6 bxc6 7. O-O Ne7 8.
a4 a5 9. Qe1 O-O 10. Ra2 d5 11. exd5 cxd5 12. Bd3 Re8 13. c3 Bf5 14. Qd1 d4 15.
cxd4 Bxd4 16. Bxf5 Nxf5 17. Nc3 Qh4 18. Qf3 Be5 19. h3 Rad8 20. Qg4 Qe7 21. Nd1
Qe6 22. Ra3 h5 23. Qg5 Rd4 24. g4 hxg4 25. hxg4 Nd6 26. f3 Nc4 27. Ra1 Bf6 28.
Qh6 Qb6 29. Nf2 Re2 30. Qh3 Nd2 31. g5 Bxg5 32. Qc8+ Kg7 33. b4 Nxf1 34. Bxg5
Rg4+ 35. Kh1 Ng3+ 0-1

[Event "38th Nezhmetdinov Mem"]
[Site "Kazan RUS"]
[Date "2016.06.05"]
[Round "6.45"]
[White "Lilov, Aleksandr"]
[Black "Mamontova, Anastasia"]
[Result "1-0"]
[WhiteElo "1935"]
[BlackElo "2065"]
[WhiteFideId "24180513"]
[BlackFideId "34100234"]
[EventDate "2016.05.31"]

1. e4 Nf6 2. Nc3 d6 3. d4 g6 4. f4 Bg7 5. Nf3 O-O 6. Be3 Nbd7 7. h3 Nh5 8. g4
Ng3 9. Rg1 Nxf1 10. Rxf1 e5 11. f5 exd4 12. Bxd4 Re8 13. Bxg7 Kxg7 14. Qd4+ Qf6
15. O-O-O Qxd4 16. Rxd4 c6 17. Rxd6 Nc5 18. b4 Nxe4 19. Nxe4 Rxe4 20. Ng5 Re8
21. fxg6 f5 22. gxf5 Rf8 23. Ne6+ Bxe6 24. Rxe6 hxg6 25. Rxg6+ Kh7 26. Re6 Rf7
27. Kd2 a5 28. a3 axb4 29. axb4 Rd7+ 30. Ke2 Ra2 31. Rc1 Rf7 32. Re5 Rb2 33. b5
cxb5 34. Kf3 Rb4 35. Rce1 Kh6 36. Rc5 Kh5 37. Re4 Rb1 38. Ree5 Kh4 39. Rxb5 Rc1
40. Re8 Rf1+ 41. Ke2 R1xf5 42. Rxf5 Rxf5 43. Rh8+ Kg5 44. Kd3 Rc5 45. h4+ Kg6
46. Rd8 b5 47. Rd4 Kh5 48. c3 Re5 49. Kc2 Rf5 50. Kb3 Rc5 51. Kb4 Rf5 52. Ka5
Rc5 53. Kb4 Rf5 54. Rd8 Kxh4 55. Rb8 Rf1 56. Rxb5 Kg4 57. Re5 Kf4 58. Re7 Rb1+
59. Kc5 Kf5 60. c4 Rb8 61. Kd6 Kf6 62. Re2 Rb1 63. c5 Rd1+ 64. Kc7 Rc1 65. c6
Rd1 66. Kc8 Rc1 67. c7 Kf7 68. Re5 Kf6 69. Rb5 Ke7 70. Rb6 Rc3 71. Rb2 Kd6 72.
Kd8 Rf3 73. Rd2+ 1-0

[Event "38th Nezhmetdinov Mem"]
[Site "Kazan RUS"]
[Date "2016.06.05"]
[Round "6.46"]
[White "Markelova, Lubov"]
[Black "Shaidullin, Askar"]
[Result "1-0"]
[WhiteTitle "WFM"]
[WhiteElo "2059"]
[BlackElo "1934"]
[WhiteFideId "24131369"]
[BlackFideId "34159662"]
[EventDate "2016.05.31"]

1. Nf3 d5 2. d4 e6 3. c4 Nf6 4. Nc3 Nbd7 5. cxd5 exd5 6. Bg5 c6 7. e3 Bd6 8. Bd3
O-O 9. Qc2 a5 10. Bxh7+ Kh8 11. Bf5 Nb6 12. Ne5 Qe7 13. Bxc8 Raxc8 14. Qf5 Bxe5
15. dxe5 Qd7 16. Qf4 Nh7 17. O-O Qe6 18. Qg3 Rce8 19. f4 Qf5 20. Rf3 Nc4 21. Bh4
b5 22. b3 Nd2 23. Rf2 Ne4 24. Nxe4 Qxe4 25. Rc1 Re6 26. Qf3 Qxf3 27. gxf3 Rc8
28. Rfc2 f5 29. Be1 a4 30. Bb4 Kg8 31. Bd6 axb3 32. axb3 Ra8 33. Rxc6 Kf7 34.
Rc7+ Kg6 1-0

[Event "38th Nezhmetdinov Mem"]
[Site "Kazan RUS"]
[Date "2016.06.05"]
[Round "6.47"]
[White "Shkalikova, Marina"]
[Black "Ioffe, Dmitry"]
[Result "0-1"]
[WhiteElo "1823"]
[BlackElo "2058"]
[WhiteFideId "34111333"]
[BlackFideId "4185617"]
[EventDate "2016.05.31"]

1. e4 e5 2. Nf3 Nc6 3. Bb5 Bc5 4. O-O d6 5. c3 Bd7 6. d4 Bb6 7. Re1 Nf6 8. Bg5
h6 9. Bxf6 Qxf6 10. d5 Nb8 11. a4 a6 12. Bxd7+ Nxd7 13. a5 Ba7 14. b4 O-O 15.
Nbd2 g5 16. Rf1 Qg6 17. Qe2 f5 18. exf5 Rxf5 19. Ne4 Nf6 20. Nxf6+ Qxf6 21. Nd2
Qf7 22. c4 Rf8 23. Ne4 Bd4 24. Ra2 Qg6 25. Qd1 g4 26. Qd3 Rf3 27. Qc2 R3f4 28.
Ng3 Qf7 29. c5 Kh8 30. cxd6 cxd6 31. Nh1 Qxd5 32. Qb1 e4 33. Ng3 e3 34. Re2 Rxf2
35. Rexf2 Rxf2 36. Rxf2 exf2+ 37. Kf1 Qe5 38. Qe4 d5 39. Qxe5+ Bxe5 40. Nf5 Bc3
41. Nxh6 g3 0-1

[Event "38th Nezhmetdinov Mem"]
[Site "Kazan RUS"]
[Date "2016.06.05"]
[Round "6.48"]
[White "Kalabukhov, Bogdan"]
[Black "Dolgaeva, Evgenia"]
[Result "1-0"]
[WhiteElo "2056"]
[BlackElo "1879"]
[WhiteFideId "34102865"]
[BlackFideId "24174564"]
[EventDate "2016.05.31"]

1. d4 Nf6 2. c4 d6 3. Nc3 e5 4. d5 g6 5. e4 Bg7 6. f3 O-O 7. Be3 Ne8 8. Qd2 f5
9. O-O-O f4 10. Bf2 Nd7 11. Kb1 a5 12. Nge2 Nc5 13. Nc1 a4 14. Be2 b6 15. g3 Bh6
16. Qc2 Bd7 17. g4 Qe7 18. h4 Bg7 19. g5 Rf7 20. Bf1 Bf8 21. Bh3 Ng7 22. Bxd7
Qxd7 23. Nd3 Nxd3 24. Rxd3 Nh5 25. Nb5 Ra5 26. Ra3 Qc8 27. Be1 Ra6 28. Nc3 c6
29. Rxa4 cxd5 30. Rxa6 Qxa6 31. Nxd5 h6 32. gxh6 Bxh6 33. Rg1 Kh7 34. Qb3 Bf8
35. Bf2 Qc8 36. Rg4 Rb7 37. Nxb6 Qb8 38. a4 Nf6 39. Rg1 Ne8 40. a5 Qa7 41. Qb5
Ng7 42. Rg2 Be7 43. a6 Rb8 44. Qa4 Bd8 45. Nd7 1-0

[Event "38th Nezhmetdinov Mem"]
[Site "Kazan RUS"]
[Date "2016.06.05"]
[Round "6.50"]
[White "Zharkov, Nikolay"]
[Black "Garafutdinov, Ainur"]
[Result "1/2-1/2"]
[WhiteElo "1629"]
[BlackElo "2044"]
[WhiteFideId "54193648"]
[BlackFideId "24175498"]
[EventDate "2016.05.31"]

1. Nf3 f5 2. e4 fxe4 3. Ng5 Nf6 4. d3 e6 5. Nxe4 Nxe4 6. dxe4 g6 7. Bd3 Bg7 8.
O-O O-O 9. c3 Nc6 10. Be3 Ne5 11. Bc2 b6 12. Nd2 Ba6 13. Re1 Nd3 14. Bxd3 Bxd3
15. f3 Ba6 16. a4 Qe7 17. a5 Qf7 18. Qc2 d5 19. Bf2 Bb7 20. b4 Rfc8 21. Rab1
bxa5 22. bxa5 c5 23. Nb3 Bf8 24. Qe2 Rc6 25. e5 Ba6 26. Qe3 Qc7 27. h4 Rb8 28.
h5 gxh5 29. Qg5+ Qg7 30. Qxh5 Bd3 31. Nd4 Rxb1 32. Nxc6 Rxe1+ 33. Bxe1 Bg6 34.
Qg4 Qd7 35. Nxa7 Qxa7 36. Qxe6+ Bf7 37. Qb6 Qa8 38. a6 d4 39. cxd4 cxd4 40. e6
Be8 41. Qxd4 Qc6 42. Kh2 Qd6+ 43. Qxd6 Bxd6+ 44. Bg3 Bc5 45. Bh4 Bb5 46. f4 Bxa6
47. f5 Bd3 48. g4 Kf8 49. Bf6 Be7 50. Bxe7+ Kxe7 51. Kg3 Kf6 52. Kh4 Bb5 53. Kh5
Kg7 54. g5 Be2+ 55. Kh4 h6 56. f6+ Kg6 57. gxh6 Kxf6 58. e7 Bb5 1/2-1/2

[Event "38th Nezhmetdinov Mem"]
[Site "Kazan RUS"]
[Date "2016.06.05"]
[Round "6.51"]
[White "Shipitsyna, Guzyal"]
[Black "Sinyanskiy, Maxim"]
[Result "0-1"]
[WhiteElo "1478"]
[BlackElo "2042"]
[WhiteFideId "24141348"]
[BlackFideId "4178068"]
[EventDate "2016.05.31"]

1. d4 Nf6 2. c4 e6 3. Nf3 c5 4. d5 exd5 5. cxd5 d6 6. Nc3 g6 7. g3 Bg7 8. Bg2
O-O 9. O-O Re8 10. Bg5 h6 11. Bf4 a6 12. a4 Ne4 13. Nxe4 Rxe4 14. Nd2 Rb4 15.
Ne4 f5 16. Nd2 g5 17. Be3 f4 18. Bxc5 dxc5 19. Ne4 Qe7 20. d6 Qf7 21. Nxc5 Rd4
22. Qb3 Qxb3 23. Nxb3 Rxd6 24. Rad1 Rxd1 25. Rxd1 Nc6 26. Nc5 Kf7 27. b3 Rb8 28.
Bd5+ Ke7 29. Be4 Nd4 30. Kf1 fxg3 31. hxg3 b6 32. Nd3 Nxb3 33. Nb4 Na5 34. Rc1
Be5 35. Nd5+ Ke6 36. Ne3 Bb7 37. Bf5+ Kf6 38. Bg4 Rd8 39. Nf5 Nb3 0-1

[Event "38th Nezhmetdinov Mem"]
[Site "Kazan RUS"]
[Date "2016.06.05"]
[Round "6.52"]
[White "Terentev, Mikhail"]
[Black "Kovaleva, Ekaterina"]
[Result "1-0"]
[WhiteElo "2024"]
[BlackElo "1786"]
[WhiteFideId "24183814"]
[BlackFideId "34128252"]
[EventDate "2016.05.31"]

1. e4 c5 2. Nf3 e6 3. d4 cxd4 4. Nxd4 Nf6 5. Nc3 Nc6 6. Ndb5 Bb4 7. a3 Bxc3+ 8.
Nxc3 d5 9. exd5 exd5 10. Bd3 O-O 11. O-O d4 12. Ne2 Bg4 13. f3 Bh5 14. Nf4 Bg6
15. Nxg6 hxg6 16. Bg5 Qb6 17. f4 Ne7 18. Qf3 Nf5 19. Qh3 Ne3 20. f5 Nxf5 21.
Bxf6 Qxf6 22. Kh1 Qe6 23. Bxf5 gxf5 24. Rae1 Qb6 25. Qxf5 Qxb2 26. Re7 Qa2 27.
Qh5 Rac8 28. Re4 Rc6 29. Rxd4 Qxc2 30. h3 Qg6 31. Qd5 Qe6 32. Qf3 Rc4 33. Rd2
Qe4 34. Qd1 Rc3 35. Qh5 Rc2 36. Rxc2 Qxc2 37. Qf3 Qc5 38. h4 Qc6 39. Qh3 b5 40.
h5 Qc4 41. Qf3 Qh4+ 42. Kg1 Qd4+ 43. Kh2 Qd6+ 44. Kg1 Re8 45. Qxf7+ Kh7 46. Qxe8
Qd4+ 47. Rf2 Qd1+ 48. Kh2 Qd6+ 49. g3 1-0

[Event "38th Nezhmetdinov Mem"]
[Site "Kazan RUS"]
[Date "2016.06.05"]
[Round "6.54"]
[White "Emelianov, Fedor"]
[Black "Galiev, Irek"]
[Result "0-1"]
[WhiteElo "2134"]
[BlackElo "1859"]
[WhiteFideId "24140228"]
[BlackFideId "34147150"]
[EventDate "2016.05.31"]

1. c4 Nf6 2. Nc3 d5 3. cxd5 Nxd5 4. g3 c5 5. Bg2 Nb6 6. Nf3 Nc6 7. d3 e6 8. O-O
Be7 9. Bf4 O-O 10. Rc1 Nd5 11. Bd2 b6 12. Qa4 Bb7 13. Nxd5 exd5 14. d4 Nxd4 15.
Nxd4 cxd4 16. Qxd4 Bf6 17. Qb4 Re8 18. e3 Ba6 19. Rfd1 Be2 20. Re1 Bc4 21. b3
Bd3 22. Bc3 Be4 23. Bxf6 Qxf6 24. Bh3 Qf3 25. Kf1 Qh1+ 26. Ke2 Bf3+ 27. Kd3 Qxh2
28. Bd7 Qxf2 29. Bxe8 Be4+ 0-1

[Event "38th Nezhmetdinov Mem"]
[Site "Kazan RUS"]
[Date "2016.06.05"]
[Round "6.55"]
[White "Gagarin, Sergey"]
[Black "Spiridonova, Yana"]
[Result "1-0"]
[WhiteElo "1997"]
[BlackElo "1824"]
[WhiteFideId "24175463"]
[BlackFideId "24174262"]
[EventDate "2016.05.31"]

1. e4 c5 2. Nf3 Nc6 3. Bb5 d6 4. d4 cxd4 5. Qxd4 Bd7 6. Bxc6 bxc6 7. c4 Qb6 8.
Qd3 g6 9. Be3 c5 10. b3 Bg7 11. Nc3 Nf6 12. O-O O-O 13. h3 a5 14. Rab1 Qb7 15.
Nd2 Bc6 16. a4 Nd7 17. Nd5 Ne5 18. Qc2 Be8 19. f4 Nc6 20. Nf3 e6 21. Nc3 Nd4 22.
Bxd4 cxd4 23. Nb5 Qb6 24. Qd3 e5 25. fxe5 dxe5 26. g4 Bc6 27. Rbc1 Qc5 28. g5
Bb7 29. Kh2 Ra6 30. Nd2 f6 31. h4 Qe7 32. c5 fxg5 33. Qc4+ Kh8 34. Nd6 Bf6 35.
Nxb7 Qxb7 36. hxg5 Bg7 37. c6 Qc8 38. Rxf8+ Bxf8 39. c7 Ra8 40. Qd5 Ra7 41.
Qxe5+ Bg7 42. Qd6 Ra8 43. e5 Qf5 44. Qd8+ 1-0

[Event "38th Nezhmetdinov Mem"]
[Site "Kazan RUS"]
[Date "2016.06.05"]
[Round "6.56"]
[White "Gismatullin, Sayar"]
[Black "Novikov, Roman"]
[Result "1-0"]
[WhiteElo "1875"]
[BlackElo "1981"]
[WhiteFideId "34110930"]
[BlackFideId "24198498"]
[EventDate "2016.05.31"]

1. e4 e6 2. d4 d5 3. e5 c5 4. c3 Qb6 5. Nf3 Nc6 6. a3 Nh6 7. b4 cxd4 8. cxd4 Nf5
9. Bb2 Bd7 10. Qd2 h5 11. Be2 Be7 12. O-O Rc8 13. Rd1 O-O 14. Nc3 Qd8 15. Na2 a6
16. Nc1 Na7 17. Nd3 g5 18. Nfe1 g4 19. f4 Bb5 20. Nc5 b6 21. Nxa6 Rc4 22. Bxc4
Bxc4 23. b5 Nxb5 24. Nb4 Qd7 25. Nec2 f6 26. Ne3 fxe5 27. Nxc4 dxc4 28. fxe5 Rc8
29. Bc3 Qb7 30. a4 Nbxd4 31. Bxd4 Nxd4 32. Kh1 Nb3 33. Qh6 Nxa1 34. Qxe6+ Kh8
35. Qh6+ Kg8 36. Qg6+ Kh8 37. Qxh5+ Kg7 38. Qxg4+ Kh6 39. Qe6+ Kh5 40. Nd5 Bg5
41. h4 Rf8 42. hxg5 Kxg5 43. Nf6 Rh8+ 44. Kg1 Qc8 45. Ne4+ Kf4 46. Qxc8 Rxc8 47.
Nd6 Rc6 48. e6 c3 49. e7 c2 50. Rf1+ Kg3 51. e8=Q c1=Q 52. Qg6+ Kh4 53. Nf5# 1-0

[Event "38th Nezhmetdinov Mem"]
[Site "Kazan RUS"]
[Date "2016.06.05"]
[Round "6.57"]
[White "Pavlova, Nataliy"]
[Black "Pogorelskikh, Sofia"]
[Result "0-1"]
[WhiteElo "2010"]
[BlackElo "1744"]
[WhiteFideId "24135615"]
[BlackFideId "44164548"]
[EventDate "2016.05.31"]

1. Nf3 Nf6 2. g3 g6 3. Bg2 Bg7 4. O-O O-O 5. c4 d6 6. Nc3 e5 7. d3 Nc6 8. Rb1 a5
9. a3 Nd4 10. b4 axb4 11. axb4 c6 12. b5 Bg4 13. Re1 Bxf3 14. exf3 Nd7 15. Ne2
Nc5 16. f4 Nce6 17. Nxd4 Nxd4 18. Be3 Qc7 19. Bxd4 exd4 20. Qf3 Ra3 21. f5 Be5
22. Qe4 Bf6 23. h4 Rd8 24. fxg6 hxg6 25. h5 d5 26. Qg4 Qc8 27. Qf4 Qf5 28. Qxf5
gxf5 29. bxc6 bxc6 30. cxd5 cxd5 31. Rb6 Bh8 32. Re7 Rxd3 33. Rbb7 Rd1+ 34. Kh2
d3 35. Bf3 Rc1 36. Rb3 Bf6 37. Reb7 d2 38. Rd3 Bc3 39. Rb5 d4 40. Rxf5 Re8 41.
h6 Ree1 42. h7+ Kxh7 43. g4 Kg6 44. Bd5 d1=Q 45. Bxf7+ Kg7 46. Rg5+ 0-1

[Event "38th Nezhmetdinov Mem"]
[Site "Kazan RUS"]
[Date "2016.06.05"]
[Round "6.58"]
[White "Talipov, Vitaly"]
[Black "Shafigullina, Zarina"]
[Result "0-1"]
[WhiteElo "1616"]
[BlackElo "1901"]
[WhiteFideId "54123798"]
[BlackFideId "24174220"]
[EventDate "2016.05.31"]

1. e4 c5 2. Nf3 Nc6 3. Nc3 e5 4. Bc4 d6 5. h3 Be7 6. a3 Nf6 7. d3 O-O 8. Bg5 Be6
9. Bxf6 Bxf6 10. Nd5 Be7 11. c3 Rc8 12. b4 a6 13. Qb3 b5 14. Nxe7+ Qxe7 15. Bxe6
fxe6 16. bxc5 dxc5 17. O-O Qd6 18. Ng5 Rf6 19. Rfd1 Rcf8 20. Ra2 Rg6 21. h4 Qe7
22. Kf1 Rgf6 23. g3 h6 24. Nh3 g5 25. hxg5 hxg5 26. Kg2 g4 27. Ng1 Qf7 28. Rdd2
Qh5 29. Qd1 Rh6 30. Kf1 Rf3 31. Ke2 Rhf6 32. Nxf3 gxf3+ 0-1

[Event "38th Nezhmetdinov Mem"]
[Site "Kazan RUS"]
[Date "2016.06.05"]
[Round "6.59"]
[White "Lenkova, Lidiya"]
[Black "Chumak, Dmitrii"]
[Result "0-1"]
[WhiteElo "1518"]
[BlackElo "1826"]
[WhiteFideId "54102740"]
[BlackFideId "34106658"]
[EventDate "2016.05.31"]

1. c4 c6 2. Nf3 d5 3. b3 Bf5 4. Bb2 e6 5. g3 Nf6 6. Bg2 Nbd7 7. O-O Be7 8. d3
O-O 9. Nbd2 Rc8 10. Re1 Qb6 11. e4 dxe4 12. Nxe4 Bxe4 13. dxe4 Rfd8 14. Qc2 Bb4
15. Bc3 Bxc3 16. Qxc3 Nc5 17. Nd4 Ncxe4 18. Bxe4 Qxd4 19. Qxd4 Rxd4 20. Bf3 Rcd8
21. Rad1 Rxd1 22. Rxd1 Rxd1+ 23. Bxd1 c5 24. f3 Nd7 25. Kf2 f5 26. Ke3 Kf7 27.
Be2 Kf6 28. Bd3 g5 29. Bb1 Nb8 30. Bc2 Nc6 31. Bd3 h5 32. Bc2 g4 33. fxg4 hxg4
34. Bd1 a6 35. Bc2 Nd4 36. Bd1 a5 37. Kf2 e5 38. Ke3 b6 39. Kf2 Kg5 40. Ke3 f4+
41. gxf4+ exf4+ 42. Kf2 f3 43. Ke3 Kf5 44. Kf2 Kf4 45. a4 Nf5 46. Bc2 g3+ 47.
hxg3+ Nxg3 48. Bd3 Ne4+ 49. Kg1 Nd2 50. Bc2 Kg3 0-1

[Event "38th Nezhmetdinov Mem"]
[Site "Kazan RUS"]
[Date "2016.06.05"]
[Round "6.60"]
[White "Kurninov, Andrei"]
[Black "Murzaev, Danil"]
[Result "1-0"]
[WhiteElo "1772"]
[BlackElo "1578"]
[WhiteFideId "4178963"]
[BlackFideId "34142727"]
[EventDate "2016.05.31"]

1. e4 e6 2. d4 d5 3. exd5 exd5 4. Bd3 Bd6 5. Qf3 c6 6. Ne2 h6 7. c3 Nf6 8. Bf4
Bxf4 9. Qxf4 O-O 10. f3 Re8 11. g4 Qe7 12. Kf2 g5 13. Qd2 Bxg4 14. fxg4 Nxg4+
15. Ke1 Ne3 16. Na3 f5 17. Nc2 f4 18. Nxe3 fxe3 19. Qc1 Nd7 20. Kd1 c5 21. Bb1
cxd4 22. Nxd4 Rf8 23. Re1 Rae8 24. Qc2 Qf7 25. Qg6+ Qxg6 26. Bxg6 Re5 27. Kc2
Rf2+ 28. Re2 Rxe2+ 29. Nxe2 Kg7 30. Bd3 Nf6 31. Rg1 h5 32. Ng3 h4 33. Nf5+ 1-0

[Event "38th Nezhmetdinov Mem"]
[Site "Kazan RUS"]
[Date "2016.06.05"]
[Round "6.61"]
[White "Safin, Robert"]
[Black "Gavrilin, Roman"]
[Result "1-0"]
[WhiteElo "1581"]
[BlackElo "1753"]
[WhiteFideId "34189120"]
[BlackFideId "54104564"]
[EventDate "2016.05.31"]

1. d4 d5 2. c4 e6 3. g3 Nf6 4. Bg2 Bb4+ 5. Bd2 Bxd2+ 6. Nxd2 O-O 7. Ngf3 c6 8.
O-O Nbd7 9. Qc2 h6 10. Rac1 Re8 11. e4 dxe4 12. Nxe4 Nxe4 13. Qxe4 Nf6 14. Qe3
Qc7 15. Ne5 Nd7 16. f4 Nf6 17. Rfd1 Qb6 18. b3 Bd7 19. Nxd7 Nxd7 20. g4 Qa5 21.
Qd2 Qxd2 22. Rxd2 Nb6 23. d5 exd5 24. cxd5 cxd5 25. Rc7 Rab8 26. Bxd5 Nxd5 27.
Rxd5 Rec8 28. Rdd7 Rxc7 29. Rxc7 a5 30. Kf2 Kf8 31. Ke3 b6 32. Rc6 Rb7 33. Kd3
Ke7 34. Kc4 Kd7 35. Kb5 Rc7 36. Rxb6 Rc2 37. a4 Rxh2 38. Kxa5 h5 39. gxh5 Rxh5+
40. Rb5 g6 41. Kb6 Rh8 42. Kb7 Rh3 43. a5 Rc3 44. a6 Rc7+ 45. Kb6 Rc6+ 46. Ka5
Rc7 47. b4 Rc8 48. a7 Ra8 49. Ka6 Kc8 50. Rc5+ 1-0

[Event "38th Nezhmetdinov Mem"]
[Site "Kazan RUS"]
[Date "2016.06.05"]
[Round "6.63"]
[White "Shevtsov, Mikhail"]
[Black "Taipov, Ilmir"]
[Result "1/2-1/2"]
[WhiteElo "1728"]
[BlackElo "1673"]
[WhiteFideId "54106931"]
[BlackFideId "34182893"]
[EventDate "2016.05.31"]

1. d4 d5 2. c4 e6 3. Nc3 Nf6 4. cxd5 exd5 5. Bf4 c6 6. e3 Bb4 7. Qc2 Ne4 8. Bd3
Nxc3 9. bxc3 Bd6 10. Bg3 Bxg3 11. hxg3 h6 12. Nf3 Be6 13. Rb1 b5 14. Ne5 Qc7 15.
f4 Nd7 16. Nxc6 Qxc6 17. Bxb5 Qc7 18. f5 Qxg3+ 19. Kf1 O-O 20. Rh3 Qg5 21. fxe6
fxe6+ 22. Kg1 Nf6 23. Bd3 Ng4 24. Bh7+ Kh8 25. Qg6 Qxg6 26. Bxg6 Rab8 27. Rxb8
Rxb8 28. Rg3 Nf6 29. Rf3 Kg8 30. Rf1 Rc8 31. Rb1 Kf8 32. Rb7 Rxc3 33. Rf7+ Kg8
34. Rxa7 Kf8 35. Rf7+ Kg8 36. Rb7 Kf8 37. Rb3 Rxb3 38. axb3 Ng4 39. e4 dxe4 40.
Bxe4 Ke7 41. Bf3 Nf6 42. Kf2 Kd6 43. Ke3 g5 44. g4 Nd7 45. b4 Nf6 46. b5 Kc7 47.
Kd3 Kb6 48. Kc4 Ne8 49. Kb4 Nf6 50. Kc4 Ne8 51. Be2 Nf6 52. Bf3 1/2-1/2

[Event "38th Nezhmetdinov Mem"]
[Site "Kazan RUS"]
[Date "2016.06.05"]
[Round "6.64"]
[White "Grekhov, Luka"]
[Black "Asafiev, Ignat"]
[Result "0-1"]
[WhiteElo "1639"]
[BlackElo "1880"]
[WhiteFideId "44129637"]
[BlackFideId "34142573"]
[EventDate "2016.05.31"]

1. d4 Nf6 2. c4 g6 3. Nf3 Bg7 4. g3 O-O 5. Bg2 d6 6. O-O c6 7. Nc3 Nbd7 8. Bf4
c5 9. dxc5 Nxc5 10. Be3 Ne6 11. Rc1 Bd7 12. Qd2 Bc6 13. Bh6 Nc5 14. Bxg7 Kxg7
15. b4 Ne6 16. Nd4 Bxg2 17. Kxg2 Nxd4 18. Qxd4 Qb6 19. e3 Rac8 20. Qxb6 axb6 21.
Nd5 Nxd5 22. cxd5 b5 23. Kf3 Kf6 24. Ke4 b6 25. Kd4 e5+ 26. dxe6 fxe6 27. Rc3
Rxc3 28. Kxc3 Ke5 29. Kd3 d5 30. f4+ Kd6 31. Rc1 Ra8 32. Rc2 Ra4 33. Rb2 e5 34.
Kc2 Ra3 35. Kd2 e4 36. Rc2 Ra4 37. Kc3 Ra3+ 38. Kd2 Kd7 39. Ke2 Ra4 40. Rb2 Kd6
41. Kd2 d4 42. exd4 Kd5 43. Ke1 Kxd4 44. Rd2+ Kc3 45. Rd6 Rxb4 46. Rxb6 Kd3 47.
a4 Rb1+ 48. Kf2 e3+ 49. Kg2 e2 50. Rd6+ Kc4 51. Re6 e1=Q 0-1

[Event "38th Nezhmetdinov Mem"]
[Site "Kazan RUS"]
[Date "2016.06.05"]
[Round "6.65"]
[White "Danilova, Rada"]
[Black "Bogatov, Bogdan"]
[Result "0-1"]
[WhiteElo "1808"]
[BlackElo "1680"]
[WhiteFideId "34156760"]
[BlackFideId "34110612"]
[EventDate "2016.05.31"]

1. d4 Nf6 2. c4 e6 3. Nf3 b6 4. g3 Bb7 5. Bg2 Be7 6. Nc3 O-O 7. O-O d5 8. cxd5
Nxd5 9. Re1 c5 10. e4 cxd4 11. exd5 dxc3 12. dxe6 Qxd1 13. exf7+ Rxf7 14. Rxd1
Bxf3 15. Bxf3 Rxf3 16. bxc3 Rxc3 17. Re1 Nc6 0-1